Alabama Counties - Statistics

General Stats
  • This quiz has been taken 1,548 times
    1,546 since last reset
  • The average score is 41 of 67
Answers on the Map
Answers color-coded by a green-red scale on the quiz's map according to % correct below.
 
Answer Stats
County Seat County % Correct
Mobile Mobile
88%
Birmingham Jefferson
86%
Montgomery Montgomery
83%
Huntsville Madison
80%
Tuscaloosa Tuscaloosa
78%
Bay Minette Baldwin
76%
Scottsboro Jackson
76%
Chatom Washington
76%
Monroeville Monroe
73%
Opelika Lee
72%
Ashland Clay
70%
Talladega Talladega
70%
Centre Cherokee
68%
Cullman Cullman
68%
Fayette Fayette
68%
Florence Lauderdale
68%
Hamilton Marion
68%
Columbiana Shelby
68%
Anniston Calhoun
67%
Fort Payne DeKalb
66%
Prattville Autauga
65%
Brewton Escambia
65%
Russellville Franklin
65%
Eutaw Greene
65%
Gadsden Etowah
64%
Athens Limestone
64%
Centreville Bibb
63%
Decatur Morgan
62%
Ashville, Pell City St. Clair
62%
Selma Dallas
61%
Guntersville Marshall
61%
Oneonta Blount
60%
Butler Choctaw
60%
Dothan Houston
60%
Double Springs Winston
60%
Geneva Geneva
59%
Tuskegee Macon
59%
Greenville Butler
58%
Tuscumbia Colbert
58%
Troy Pike
58%
Jasper Walker
58%
Moulton Lawrence
57%
Dadeville Tallapoosa
57%
Elba, Enterprise Coffee
56%
Rockford Coosa
56%
Greensboro Hale
56%
Abbeville Henry
56%
Carrollton Pickens
56%
Clanton Chilton
55%
Ozark Dale
55%
Vernon Lamar
55%
Marion Perry
55%
Grove Hill Clarke
53%
Heflin Cleburne
53%
Evergreen Conecuh
53%
Hayneville Lowndes
53%
Wedowee Randolph
53%
Phenix City Russell
53%
Clayton Barbour
52%
Wetumpka Elmore
52%
Livingston Sumter
52%
Camden Wilcox
52%
Andalusia Covington
49%
Luverne Crenshaw
49%
Linden Marengo
49%
Union Springs Bullock
48%
LaFayette Chambers
47%
No matching quizzes found
Score Distribution
Percent of People with Each Score
Percentile by Number Answered
Your Score History
You have not taken this quiz since the last reset